Elizabeth Taylor Filmography - Statistics

General Stats
  • This quiz has been taken 133 times
    8 since last reset
  • The average score is 62 of 200
Answer Stats
Type Year Name % Correct
Film 1960 BUtterfield 8
100%
Film 1958 Cat on a Hot Tin Roof
100%
Film 1950 Father of the Bride
100%
Film 1956 Giant
100%
Film 1949 Little Women
100%
Film 1944 National Velvet
100%
Film 1957 Raintree County
100%
Film 1959 Suddenly, Last Summer
100%
Film 1951 A Place in the Sun
80%
Film 1963 Cleopatra
80%
Film 1954 Elephant Walk
80%
Film 1951 Father's Little Dividend
80%
Film 1952 Ivanhoe
80%
Film 1943 Lassie Come Home
80%
Film 1954 The Last Time I Saw Paris
80%
Film 1965 The Sandpiper
80%
Film 1967 The Taming of the Shrew
80%
Film 1948 A Date with Judy
60%
Film 1954 Beau Brummell
60%
Film 1951 Callaway Went Thataway
60%
Film 1946 Courage of Lassie
60%
Film 1943 Jane Eyre
60%
Film 1947 Life with Father
60%
Film 1951 Quo Vadis
60%
Film 1967 The Comedians
60%
Film 1963 The V.I.P.s
60%
Film 1944 The White Cliffs of Dover
60%
TV Show 1954 What's My Line?
60%
Film 1966 Who's Afraid of Virginia Woolf?
60%
Documentary Series 1970, 1997 60 Minutes
40%
TV Documentary 1988 AIDS: The Global Explosion
40%
Film 1969 Anne of the Thousand Days
40%
Film 1973 Ash Wednesday
40%
TV Film 1983 Between Friends
40%
Film 1968 Boom!
40%
Film 1949 Conspirator
40%
Film 1947 Cynthia
40%
TV Film 1973 Divorce His, Divorce Hers
40%
Theater 1966, 1996 Doctor Faustus
40%
Film 1967 Doctor Faustus
40%
TV Documentary 2011 Elizabeth Taylor: A Tribute
40%
Commercial 1987 Elizabeth Taylor PASSION Perfume
40%
TV Show 1981 General Hospital
40%
TV Show 1970 Here's Lucy
40%
TV Show 1984 Hotel
40%
Film 1948 Julia Misbehaves
40%
Film 1952 Love Is Better Than Ever
40%
TV Film 1985 Malice in Wonderland
40%
TV Mini-Series 1985 North and South
40%
Theater 1983 Private Lives
40%
Film 1967 Reflections in a Golden Eye
40%
Film 1954 Rhapsody
40%
Film 1960 Scent of Mystery
40%
TV Film 1989 Sweet Bird of Youth
40%
Film 1950 The Big Hangover
40%
TV Show 1954 The Ed Sullivan Show
40%
Film 1994 The Flintstones
40%
Film 1953 The Girl Who Had Everything
40%
TV Special 2002 The Kennedy Center Honors: A Celebration of the Performing Arts
40%
Film 1980 The Mirror Crack'd
40%
TV Show 1996 The Nanny
40%
Film 1970 The Only Game in Town
40%
Film 1942 There's One Born Every Minute
40%
TV Film 2001 These Old Broads
40%
TV Show 1992, 1993 The Simpsons
40%
TV Show 1954 The Tonight Show
40%
TV Show 1992 The Tonight Show Starring Johnny Carson
40%
TV Film 1976 Victory at Entebbe
40%
Film 1979 Winter Kills
40%
Film 1972 Zee and Co.
40%
Documentary Series 1997, 2002 20/20
20%
TV Special 1985 50th Presidential Inaugural Gala
20%
Documentary Series 1991 A Closer Look
20%
TV Film 1978 A Death in Canaan
20%
TV Special 1993 AFI Life Achievement Award: A Tribute to Elizabeth Taylor
20%
Film 1977 A Little Night Music
20%
TV Show 1983 All My Children
20%
TV Special 1981 All-Star Comedy Birthday Party from West Point
20%
TV Special 1978 All-Star Party for James Stewart
20%
TV Special 1989 America's All-Star Tribute to Elizabeth Taylor
20%
Commercial 1986, 1992 amfAR
20%
TV Special 1986 An All-Star Celebration Honoring Martin Luther King Jr.
20%
TV Documentary 1957 A Private Little Party for a Few Chums
20%
TV Documentary 1967 Around the World of Mike Todd
20%
TV Documentary 1968 Around the World of Mike Todd
20%
Short Documentary 1965 A Statue for 'the Sandpiper'
20%
TV Documentary 1993 Audrey Hepburn Remembered
20%
Radio Series 1954 Best of All
20%
Documentary Series 1995, 2003 Biography
20%
Commercial 1991 Black Pearls Perfume by Elizabeth Taylor
20%
TV Special 1985 Bob Hope's Comedy Salute to the Soaps
20%
TV Special 1986 Bob Hope's High-Flying Birthday
20%
TV Documentary 1967 Burton and Taylor in Oxford
20%
Short Documentary 2001 Cannes: Through the Eyes of the Hunter
20%
TV Show 1996 Can't Hurry Love
20%
TV Show 1992 Captain Planet and the Planeteers
20%
Documentary Series 1985 Cinéma Cinémas
20%
Radio Series 1945 Command Performance
20%
Documentary 1989 Common Threads: Stories from the Quilt
20%
TV Show 1977 Dinah!
20%
TV Documentary 1996 Elizabeth Taylor
20%
TV Documentary 2011 Elizabeth Taylor: A Life, a Legacy
20%
TV Special 2000 Elizabeth Taylor: A Musical Celebration
20%
Short TV Documentary 2001 Elizabeth Taylor and Richard Burton
20%
TV Documentary 1975 Elizabeth Taylor - An Intimate Portrait
20%
TV Documentary 2012 Elizabeth Taylor: Auction of a Lifetime
20%
TV Documentary 1963 Elizabeth Taylor in London
20%
Commercial 1998 Elizabeth Taylor New White Diamonds Fragrance
20%
Documentary Series 2024 Elizabeth Taylor: Rebel Superstar
20%
Documentary 2024 Elizabeth Taylor: The Lost Tapes
20%
Documentary Series 1999, 2002 E! True Hollywood Story
20%
TV Show 2002 Fashion Police
20%
Commercial 2003 Forever Elizabeth Perfume
20%
TV Special 1964 Freedom Spectacular
20%
TV Special 1978 General Electric's All-Star Anniversary
20%
Documentary 1982 Genocide
20%
TV Show 2001 God, the Devil and Bob
20%
Short TV Documentary 1997 Great Romances of the 20th Century: Elizabeth Taylor and Richard Burton
20%
Radio Series 1949 Hallmark Playhouse
20%
Film 1972 Hammersmith Is Out
20%
TV Special 1978 Happy Birthday, Bob
20%
TV Special 1997 Happy Birthday Elizabeth: A Celebration of Life
20%
TV Show 1996 High Society
20%
Film 1960 Holiday in Spain
20%
TV Special 1998 Hollywood AIDS
20%
Documentary Series 1964 Hollywood and the Stars
20%
Documentary 2001 Hollywood Legends: Elizabeth Taylor and Shirley Temple
20%
Short Documentary 1950 Hollywood's Wedding of the Year
20%
Film 1974 Identikit
20%
TV Special 1992 In a New Light: A Call to Action in the War Against AIDS
20%
Documentary Series 2002 Intimate Portrait
20%
TV Documentary 1995 James Dean: A Portrait
20%
TV Special 1986 Liberty Weekend
20%
Radio Series 1947 Lux Radio Theatre
20%
TV Special 2001 Michael Jackson: 30th Anniversary Celebration
20%
TV Special 1999 Michael Jackson and Friends: A Concert for Kosovo's Children
20%
TV Special 1993 Michael Jackson Talks To... Oprah Live
20%
Documentary 1989 Michael Jackson: The Legend Continues
20%
TV Show 1996 Murphy Brown
20%
TV Special 1982 Night of 100 Stars
20%
Film 1973 Night Watch
20%
Documentary Series 2000 Omnibus
20%
Short Documentary 1964 On the Trail of the Iguana
20%
Short Documentary 1957 Operation Raintree
20%
Music Video 2002 Original Sin
20%
Documentary Series 1957 Person to Person
20%
TV Show 1957 Playhouse 90
20%
TV Film 1987 Poker Alice
20%
Documentary Series 1995 Primetime
20%
TV Film 1978 Return Engagement
20%
Documentary 2002 Searching for Debra Winger
20%
Film 1968 Secret Ceremony
20%
TV Special 1981 Stand Up and Cheer for the National Football League's Sixtieth Year
20%
TV Documentary 2000 Stars and Bras
20%
TV Special 1982 Star-Studded Spoof of the New TV Season, G-Rated, with Glamour, Glitter and Gags
20%
TV Show 1959 Sunday Showcase
20%
TV Documentary 2023 Superstar: Elizabeth Taylor
20%
Compilation Film 1974 That's Entertainment!
20%
Award Show 1985 The 1st Annual Commitment to Life Awards
20%
TV Special 1992 The 21st Annual Friends of Tel Hashomer Gala
20%
Award Show 1985 The 2nd Annual American Cinema Awards
20%
TV Special 1993 The American Music Awards 20th Anniversary Special
20%
TV Special 1983 The Annual Friars Club Presents a Salute to Elizabeth Taylor
20%
Short Documentary 1965 The Big Sur
20%
Film 1976 The Blue Bird
20%
Short Documentary 1967 The Comedians in Africa
20%
TV Special 1986 The Film Society of Lincoln Center Annual Gala Tribute to Elizabeth Taylor
20%
TV Special 1992 The Freddie Mercury Tribute: Concert for AIDS Awareness
20%
TV Special 1967 The Heart of Show Business
20%
TV Special 1994 The Jackson Family Honors
20%
TV Documentary 1967 The Life and Times of John Huston, Esq.
20%
Theater 1981-1982 The Little Foxes
20%
TV Special 1977 The National Tribute to Hubert H. Humphrey
20%
TV Film 1986 There Must Be a Pony
20%
TV Show 1966 The Sammy Davis, Jr. Show
20%
TV Special 1986 The Spencer Tracy Legacy: A Tribute by Katharine Hepburn
20%
TV Special 1977 The Stars Salute America's Greatest Movies
20%
TV Special 1993 TNT Extra: A Very Special Conversation with Elizabeth Taylor
20%
TV Special 1997 Town Meeting with Diane Sawyer: Celebrities vs. the Press
20%
TV Documentary 1997 Twentieth Century Fox: The First 50 Years
20%
Film 1972 Under Milk Wood
20%
Music Video 1993 We Shall Be Free
20%
TV Special 1982 Women I Love: Beautiful But Funny
20%
Film 1988 Young Toscanini
20%
TV Special 1999 A Celebration: 100 Years of Great Women
0%
TV Special 2001 AFI Life Achievement Award: A Tribute to Barbra Streisand
0%
TV Special 2010 AFI Life Achievement Award: A Tribute to Mike Nichols
0%
TV Special 2008 AFI Life Achievement Award: A Tribute to Warren Beatty
0%
TV Special 1977 An All-Star Tribute to Elizabeth Taylor
0%
TV Documentary 1971 Blood, Sweat and Tears
0%
Radio Series 1950 Cavalcade of America
0%
Short Documentary 2012 Elizabeth Taylor: American Diamond
0%
TV Special 1967 Gala d'Unicef
0%
Commercial 1970s, 1992 I Love New York
0%
TV Special 1986 One Voice
0%
Radio Series 1946 Screen Guild Theater
0%
Radio Series 1947, 1950, 1951 Theater Guild on the Air
0%
TV Show 1964 The Jack Paar Program
0%
Documentary Series 1981 The South Bank Show
0%
TV Special 1988 The Starlight Children Foundation Fourth Annual Humanitarian of the Year Award Salute to Barry Manilow
0%
No matching quizzes found
Score Distribution
Percent of People with Each Score
Percentile by Number Answered
Your Score History
You have not taken this quiz since the last reset